[Event "ST-2020-0-00130"]
[Site "LSS email"]
[Date "2020.01.17"]
[Round "?"]
[White "Falatowicz, Piotr"]
[Black "Osipov, Anatoly Vladimirovi"]
[Result "1/2-1/2"]
[WhiteElo "2355"]
[BlackElo "2492"]
[PlyCount "55"]
[EventDate "2020.01.17"]
[EventType "tourn (corr)"]
[EventRounds "6"]
[EventCountry "GER"]
[SourceTitle "Corr 2022"]
[Source "ChessBase"]
[SourceDate "2021.10.24"]
[SourceVersion "1"]
[SourceVersionDate "2021.10.24"]
[SourceQuality "1"]

1. e4 c5 2. Nf3 d6 3. d4 cxd4 4. Nxd4 Nf6 5. Nc3 a6 6. Nb3 Nc6 7. Be3 e6 8. g4 b5 9. Qe2 Be7 10. g5 Nd7 11. f4 Na5 12. a3 Bb7 13. h4 0-0 14. Bg2 Nc4 15. 0-0-0 Rc8 16. f5 Nxe3 17. Qxe3 exf5 18. Rhf1 Re8 19. Nd4 fxe4 20. Qf4 Kh8 21. Bxe4 Bxe4 22. Nxe4 d5 23. Nd6 Bxd6 24. Qxd6 Ne5 25. Qxd8 Rcxd8 26. b3 Kg8 27. Rde1 Ng6 28. Rxe8+ 1/2-1/2

[Event "ST-2020-0-00130"]
[Site "LSS email"]
[Date "2020.01.17"]
[Round "?"]
[White "Kudr, Roman"]
[Black "Falatowicz, Piotr"]
[Result "1-0"]
[WhiteElo "2374"]
[BlackElo "2355"]
[PlyCount "75"]
[EventDate "2020.01.17"]
[EventType "tourn (corr)"]
[EventRounds "6"]
[EventCountry "GER"]
[SourceTitle "Corr 2022"]
[Source "ChessBase"]
[SourceDate "2021.10.24"]
[SourceVersion "1"]
[SourceVersionDate "2021.10.24"]
[SourceQuality "1"]

1. Nf3 d5 2. g3 Nf6 3. Bg2 c5 4. 0-0 e6 5. d3 Nc6 6. Nbd2 Be7 7. e4 0-0 8. Re1 Re8 9. c3 b6 10. e5 Nd7 11. Nf1 b5 12. Bf4 Bb7 13. h4 Rb8 14. N1h2 b4 15. c4 dxc4 16. dxc4 Qb6 17. h5 Red8 18. Qc1 b3 19. a3 Nd4 20. h6 Nc2 21. hxg7 Nxe1 22. Qxe1 Kxg7 23. Qe3 Qc6 24. Nh4 Qc8 25. Bxb7 Qxb7 26. Ng4 Kh8 27. Nh6 Rf8 28. Nf3 Rbe8 29. Rd1 f6 30. Rd3 Nb6 31. exf6 Bxf6 32. Ne5 Qe7 33. Qe2 Bg7 34. Qh5 Bxh6 35. Qxh6 Qf6 36. Qh2 Kg8 37. Re3 Rd8 38. Qh3 1-0

[Event "ST-2020-0-00131"]
[Site "LSS email"]
[Date "2020.01.17"]
[Round "?"]
[White "Wosch, Arkadiusz Janusz"]
[Black "Falatowicz, Piotr"]
[Result "1/2-1/2"]
[WhiteElo "2438"]
[BlackElo "2355"]
[PlyCount "28"]
[EventDate "2020.01.17"]
[EventType "tourn (corr)"]
[EventRounds "6"]
[EventCountry "GER"]
[SourceTitle "Corr 2022"]
[Source "ChessBase"]
[SourceDate "2021.10.24"]
[SourceVersion "1"]
[SourceVersionDate "2021.10.24"]
[SourceQuality "1"]

1. e4 c5 2. Nf3 d6 3. d4 cxd4 4. Nxd4 Nf6 5. Nc3 a6 6. Be3 e6 7. Be2 Qc7 8. f3 b5 9. Qd2 Nbd7 10. a3 Bb7 11. 0-0-0 d5 12. exd5 Nxd5 13. Nxd5 Bxd5 14. Rhe1 Bd6 1/2-1/2